000 00301nam a2200145Ia 4500
005 20260513122050.0
020 _a9783031464591
100 _aMogensen
365 _c
365 _b28.00
942 _cBK
245 _aIntroduction to Compiler Design
260 _bSpringer
999 _c28
_d28